000 00620nam a2200205 a 4500
001 000013116
005 20240530073916.0
008 091120s2003 dr 000 f spa d
020 _a9993403946
040 _aDO-SdBNP
_bspa
_cBNPHU
082 _aRD863.44
_bS787po
100 1 _aStanley, Avelino,
_d1959-
_91536
245 1 0 _aPor qué no he de llorar /
_cAvelino Stanley.
260 _aSanto Domingo :
_bCocolo,
_c2003.
300 _a150 p. ;
_c22 cm.
590 _aInventariado, 2020 / DG
650 0 _aNovela dominicana
_9223
650 0 _aLiteratura dominicana.
_967
910 _aValidado. Control de calidad MMOLINA
999 _c12758
_d12758